Rizika a šance.

Ekonomická transformácia a politické zmeny v strednej a východnej Európe. Váhanie a nedostatok rozhodnosti sú jedným z najväčších rizík transformácie. Potreba dosiahnutia a udržiavania sociálneho mieru. Náhrada systému založeného na straníckych a vládnych direktívach štandardným systémom právnych no...

Descrizione completa

Salvato in:
Dettagli Bibliografici
Autore principale: Janáček, Kamil
Natura: Capitolo di libro
Lingua:ceco
Soggetti:
Tags: Aggiungi Tag
Nessun Tag, puoi essere il primo ad aggiungerne!!

MARC

LEADER 00000naa a2200000 4500
001 r013659
005 20221213082037.2
041 0 |a cze 
044 |a CZ 
245 1 0 |a Rizika a šance.  |c Kamil Janáček 
520 |a Ekonomická transformácia a politické zmeny v strednej a východnej Európe. Váhanie a nedostatok rozhodnosti sú jedným z najväčších rizík transformácie. Potreba dosiahnutia a udržiavania sociálneho mieru. Náhrada systému založeného na straníckych a vládnych direktívach štandardným systémom právnych noriem. Vonkajšie riziká a príležitosti. Rozpad RVHP a hospodárska recesia v krajinách OECD nútia rýchlejšie sa prispôsobiť a hľadať nové trhy. 
610 2 0 |a situácia hospodárska 
610 2 0 |a stredná Európa 
610 2 0 |a východná Európa 
610 2 0 |a transformácia 
610 2 0 |a zmeny štruktúrne 
610 2 0 |a politika 
100 1 |a Janáček, Kamil